Sports Quiz

Random Sports or Tennis Quiz
Score 0/32 Timer 20:00
0 Plays Today
Question Answer Wrong Answers
2005 Rome Masters SF (4-6, 6-4, 7-5) Rafael Nadal
97.1%
David Ferrer
2.9%
2019 Barcelona Open R3 (6-3, 6-3) Rafael Nadal
94.7%
David Ferrer
0%
2010 Monte Carlo Masters SF (6-2, 6-3) Rafael Nadal
94.3%
David Ferrer
0%
2010 Rome Masters Final (7-5, 6-2) Rafael Nadal
94.3%
David Ferrer
0%
2008 Monte Carlo Masters QF (6-1, 7-5) Rafael Nadal
94.3%
David Ferrer
0%
2013 Mexican Open Final (6-0, 6-2) Rafael Nadal
94.3%
David Ferrer
0%
2009 Barcelona Open Final (6-2, 7-5) Rafael Nadal
94.3%
David Ferrer
0%
2013 Rome Masters QF (6-4, 4-6, 6-2) Rafael Nadal
94.3%
David Ferrer
0%
2005 French Open QF (7-5, 6-2, 6-0) Rafael Nadal
94.3%
David Ferrer
0%
2011 Barcelona Open Final (6-2, 6-4) Rafael Nadal
94.3%
David Ferrer
0%
2013 French Open Final (6-3, 6-2, 6-3) Rafael Nadal
94.3%
David Ferrer
0%
2007 Barcelona Open SF (7-5, 6-1) Rafael Nadal
94.3%
David Ferrer
0%
2012 Barcelona Open Final (7-6, 7-5) Rafael Nadal
94.3%
David Ferrer
0%
2012 Rome Masters SF (7-6, 6-0) Rafael Nadal
94.3%
David Ferrer
0%
2012 French Open SF (6-2, 6-2, 6-1) Rafael Nadal
91.4%
David Ferrer
2.9%
2005 Miami Masters SF (6-4, 6-3) Rafael Nadal
91.4%
David Ferrer
8.6%
2014 French Open QF (4-6, 6-4, 6-0, 6-1) Rafael Nadal
91.4%
David Ferrer
0%
2008 Barcelona Open Final (6-1, 4-6, 6-1) Rafael Nadal
91.4%
David Ferrer
2.9%
2011 Monte Carlo Masters Final (6-4, 7-5) Rafael Nadal
91.4%
David Ferrer
2.9%
2013 Madrid Masters QF (4-6, 7-6, 6-0) Rafael Nadal
88.6%
David Ferrer
5.7%
2018 US Open R1 (6-3, 3-4, Retired) Rafael Nadal
88.6%
David Ferrer
2.9%
2015 ATP Finals Round Robin (6-7, 6-3, 6-4) Rafael Nadal
85.7%
David Ferrer
5.7%
2013 ATP Finals Round Robin (6-3, 6-2) Rafael Nadal
82.9%
David Ferrer
11.4%
2010 Miami Masters R4 (7-6, 6-4) Rafael Nadal
82.9%
David Ferrer
11.4%
2015 Monte Carlo Masters QF (6-4, 5-7, 6-2) Rafael Nadal
80%
David Ferrer
11.4%
2009 Canada Masters R2 (4-3, Retired) Rafael Nadal
74.3%
David Ferrer
20%
2007 US Open R4 (6-7, 6-4, 7-6, 6-2) David Ferrer
51.4%
Rafael Nadal
42.9%
2011 Australian Open QF (6-4, 6-2, 6-3) David Ferrer
48.6%
Rafael Nadal
45.7%
2004 Stuttgart Open QF (6-3, 6-7, 7-5) David Ferrer
31.4%
Rafael Nadal
68.6%
2013 Paris Masters SF (6-3, 7-5) David Ferrer
31.4%
Rafael Nadal
62.9%
2007 ATP Finals Round Robin (4-6, 6-4, 6-3) David Ferrer
25.7%
Rafael Nadal
68.6%
2014 Monte Carlo Masters QF (7-6, 6-4) David Ferrer
20%
Rafael Nadal
74.3%
Remove Ads.
Support Sporcle.
Get the best of Sporcle when you Go Orange. This ad-free experience offers more features, more stats, and more fun while also helping to support Sporcle. Thank you for becoming a member.

You're not logged in!

Compare scores with friends on all Sporcle quizzes.
OR
Log In

Show Comments

Extras

Top Quizzes Today


Score Distribution

Your Account Isn't Verified!

In order to create a playlist on Sporcle, you need to verify the email address you used during registration. Go to your Sporcle Settings to finish the process.

Report this User

Report this user for behavior that violates our Community Guidelines.

Details: